Visualizzazione normale
Vista MARC
- Rubin Zick
di Personal Name
Records bibliografici associati: 1
001 - CONTROL NUMBER
- control field: 62911
003 - CONTROL NUMBER IDENTIFIER
- control field:
005 - DATE AND TIME OF LATEST TRANSACTION
- control field: 20251215100433.0
008 - FIXED-LENGTH DATA ELEMENTS
- fixed length control field: 251215|| aca||aabn | a|a d
040 ## - CATALOGING SOURCE
- Original cataloging agency:
- Transcribing agency:
100 ## - HEADING--PERSONAL NAME
- Personal name: Rubin Zick
670 ## - SOURCE DATA FOUND
- Source citation: Work cat.: ()223058: Rubin Zick, Padri e figli: la ricerca di una riconciliazione, 1983